Statistics for Which One is American?

Click here to take the quiz!

General Stats

  • This quiz has been taken 61 times
  • The average score is 8 of 15

Answer Stats

QuestionAnswer% Correct
SingersBeyoncé
86%
FootballersMichael Bradley
75%
GolfersPhil Mickelson
67%
BusinessmenSteve Wozniak
67%
2016 Summer Olympic track-and-field gold medallistsBrianna Rollins
61%
ActorsMeryl Streep
61%
BaseballersJesse Chavez
53%
Game of Thrones ActorsPeter Dinklage
51%
ScientistsRobert Oppenheimer
51%
2016 Summer Olympic gold-medallistsJeff Henderson
45%
Winter gold-medal OlympiansLindsey Vonn
45%
PoliticiansMazie Hirono
35%
ComposersAlan Hovhaness
33%
Film directorsFrank Oz
25%
Caribbean singersHarry Belafonte
25%

Score Distribution

Percentile by Number Answered

Percent of People with Each Score

Your Score History

You have not taken this quiz